000 00355nam a22001337a 4500
008 240731b |||||||| |||| 00| 0 eng d
020 _a9780195664157
082 _24th
_a613.2 ANT
100 _aAnita, F.P
245 _aClinical Dietetics and Nutrition
260 _aNew Delhi
_bOxford University Press
_c2002
300 _aix, 524p.
_c18.5cm
942 _2ddc
999 _c9928
_d9929